Score 0/20 Timer 03:00
0 Plays Today
Title Missing Word % Correct
The Color ______Purple
95.9%
James and the Giant ______Peach
95.1%
Crime and __________Punishment
94%
Peter ____Pan
86.5%
Harry Potter and the ________ of AzkabanPrisoner
86%
The _____ of TidesPrince
81.3%
Mansfield _____Park
75.5%
The _______ Always Rings TwicePostman
75.1%
________ GamesPatriot
70.8%
The ________ of a LadyPortrait
66.4%
Title Missing Word % Correct
The Scarlet _________Pimpernel
61.3%
All the ______ HorsesPretty
59.5%
Pilgrim's _______Progress
52.8%
This Side of ________Paradise
49.7%
A Separate ______Peace
46.9%
The ______ of Miss Jean BrodiePrime
46.2%
The ______ Bag PrincessPaper
39.3%
The ___________ BiblePoisonwood
25.7%
The Charterhouse of _____Parma
12.6%
American _________Pastoral
9.4%

Today's Daily Dose

Missing Word
Train Books

Word Ladder
Piano Man

Quick Pick
Google Products

Get the Picture
Moana or Coco

Remove Ads.
Support Sporcle.
Get the best of Sporcle when you Go Orange. This ad-free experience offers more features, more stats, and more fun while also helping to support Sporcle. Thank you for becoming a member.

You're not logged in!

Compare scores with friends on all Sporcle quizzes.
OR
Log In

Show Comments

Extras

Top Quizzes Today


Score Distribution

Your Account Isn't Verified!

In order to create a playlist on Sporcle, you need to verify the email address you used during registration. Go to your Sporcle Settings to finish the process.

Report this User

Report this user for behavior that violates our Community Guidelines.

Details: